| 000 | 01202cam a22002054a 4500 | ||
|---|---|---|---|
| 005 | 20250605164227.0 | ||
| 008 | 250528s ||||||||||||||||||||||||d | ||
| 035 | _a20908 | ||
| 020 | _a9780136045243 | ||
| 040 |
_aGR-AtMCL _bgre _dGR-AtMCL _eAACR2 |
||
| 245 | 1 | _aStrategies for Addressing Behavior Problems in the Classroom / Sixth Edition | |
| 250 | _a6th | ||
| 260 |
_bPearson, _c2010 |
||
| 300 | _a430 | ||
| 520 | _aFoundations of Effective Behavior Management, Identifying and Serving Students with Behavior Problems, School-Wide Positive Behavior Support, Assessment and Intervention and Evaluation, Principles of Intervension Planning, Assessment-Based Intervention Planning, Monitoring Student Progress, Evaluating Intervention Effects, Behavioral Interventions in the Classroom, Classroom-Wide Positive Behavior Support, Addressing Disruptive Behaviors, Developing Alternatives to Self-Stimulatory and Self Injurious Behavior, Beyond the Classroom, Supporting Students with Psychiatric and Substance Abuse Problems, Extending Intervention Effects, Epilogue, Glossary, Name and Subject Index. | ||
| 700 | 1 |
_aKerr Mary Margaret _96895 |
|
| 942 | _cBK | ||
| 999 |
_c5985 _d5985 |
||